| 000 | 00353nam a2200145Ia 4500 | ||
|---|---|---|---|
| 008 | 230917s9999||||xx |||||||||||||| ||und|| | ||
| 040 |
_e49280 _aMAIN |
||
| 041 | _aEnglish | ||
| 082 | _a954.01 D536R | ||
| 100 | _aDhar, M K | ||
| 245 | 0 | _aRoyal life in ancient India | |
| 260 |
_aDelhi _bDurga Publications _c1991 |
||
| 300 | _aix, 247 p. | ||
| 942 | _cBK | ||
| 999 |
_c76004 _d76004 |
||